| 000 | 01821cam a2200421 i 4500 | ||
|---|---|---|---|
| 999 |
_c21842 _d21842 |
||
| 001 | 17712248 | ||
| 003 | OSt | ||
| 005 | 20200609142131.0 | ||
| 008 | 100505s2010 ii b 001 e eng d | ||
| 010 | _a 2013316924 | ||
| 020 | _a9788130910154 | ||
| 020 | _a8130910152 | ||
| 025 | _aI-E-2013-316924; 56-91 | ||
| 035 | _a(OCoLC)ocn613935230 | ||
| 035 | _a(OCoLC)613935230 | ||
| 037 | _aLibrary of Congress -- New Delhi Overseas Office | ||
| 040 |
_aDKAGE _beng _coclc _dDLC _erda |
||
| 042 |
_alccopycat _alcode |
||
| 043 | _aa-ii--- | ||
| 050 | 0 | 0 |
_aDS442.2 _b.W38 2010 |
| 082 | 0 | 4 |
_a355.020954 _bROY/W |
| 100 |
_92689 _aRoy, Kaushik |
||
| 245 | 0 | 0 |
_aWarfare, state, and society in South Asia, 500 BCE-2005 CE / _c Kaushik Roy. |
| 264 | 1 |
_aNew Delhi : _bViva Books, _c2010. |
|
| 300 |
_axix, 719 pages ; _c24 cm |
||
| 336 |
_atext _2rdacontent |
||
| 337 |
_aunmediated _2rdacontent |
||
| 338 |
_avolume _2rdacarrier |
||
| 500 | _aContributed articles chiefly with reference to India; previously published. | ||
| 504 | _aIncludes bibliographical references (pages 675-685) and index. | ||
| 505 | 0 | _asection 1. Ancient Indian warfare from 300 BCE-600 CE : ritual combat or lethal battle -- section 2. The demigods on horses? Warfare in medieval India, 900 CE-1700 CE -- section 3. A military revolution in early modern India, 1740-1849? -- section 4. Military confrontation and collaboration in British India, 1857-1947 -- section 5. Colonial continuity and post-colonial innovations, 1947-2005. | |
| 650 | 0 |
_aWar and society _zIndia. |
|
| 651 | 0 |
_aIndia _xHistory, Military. |
|
| 700 | 1 |
_aRoy, Kaushik, _d1971- |
|
| 906 |
_a7 _bcbc _ccopycat _d3 _encip _f20 _gy-gencatlg |
||
| 942 |
_2ddc _cBK _h355.020954 _iROY/W _k355.020954 _mROY/W |
||